000 007660000a22002530004500
001 65
003 CO-MdFUSB
005 20160527144637.0
008 160527t2000 sp |f |||| 00| 0 spa d
020 _a84-8169-293-X
040 _aCO-MdFUSB
_bEspañol
_cCO-MdFUSB
_dCO-MdFUSB
041 0 _aspa
082 0 4 _aR 220.3 S4875d
100 1 _aSerrano, Gonzalo Flor
245 0 0 _aDiccionario de la ciencia bíblica
_c / Gonzalo Flor Serrano; Luis Alfonso Schökel, Colaborador.
264 _aNavarra, España
_b: Verbo Divino,
_c2000
300 _a197 pag.
336 _2rdacontent
_a1
_ba1
337 _2rdamedia
_a2
_b5
338 _2rdacarrier
_a2
_b5
505 _a1) Términos 2) Lista 3) Siglas y abreviaturas
653 _aBIBLIA
_a- DICCIONARIOS
942 _cBK
999 _c31617
_d31617